Statistiche per Primi 15 paesi interessati da Covid-19 - 30 marzo 2022

Clicka qui per fare il quiz!

Statistiche generali

  • Questo quiz è stato fatto 47 volte
  • Il punteggio medio è 15 su 29

Statistiche sulle risposte

paese% Corretto
Italia
100%
Francia
92%
Russia
92%
Spagna
92%
Brasile
86%
Germania
86%
Stati Uniti
86%
Regno Unito
81%
Argentina
73%
Portogallo
65%
Svizzera
65%
Austria
62%
India
62%
Belgio
54%
Paesi Bassi
54%
Paesi Bassi
54%
Turchia
49%
Danimarca
35%
Corea del Sud
32%
Cechia
30%
Slovenia
27%
Iran
24%
Israele
19%
Lettonia
14%
Estonia
11%
Lituania
11%
Cipro
8%
Vietnam
5%
Georgia
0%

Distribuzione punteggi

Percentile per numero di risposta

Percentuale di utenti per punteggio

I tuoi punteggi nel tempo

Non hai fatto questo quiz